Solve the Secret Country by 6 Clues in 60 Seconds #3 - Statistics

General Stats
  • This quiz has been taken 2,423 times
    2,410 since last reset
  • The average score is 5 of 6
Answer Stats
Answer % Correct
2nd Clue - This country is in Asia.
100%
3rd Clue - This country is ranked higher than 100th in terms of population.
98%
4th Clue - This country uses unique official language.
90%
5th Clue - The capital of this country has single-word name.
76%
6th Clue - This country lies wholly on islands.
69%
THE ANSWER IS {JAPAN}.
57%
No matching quizzes found
Score Distribution
Percent of People with Each Score
Percentile by Number Answered
Your Score History
You have not taken this quiz since the last reset